Procurement and Supply Chain Management (Record no. 4557)
[ view plain ]
| 005 - DATE AND TIME OF LATEST TRANSACTION | |
|---|---|
| control field | 20250621055859.0 |
| 020 ## - INTERNATIONAL STANDARD BOOK NUMBER | |
| International Standard Book Number | 978-1-292-08611-8 |
| 082 ## - DEWEY DECIMAL CLASSIFICATION NUMBER | |
| Classification number | 658.72 LYS |
| 100 ## - MAIN ENTRY--PERSONAL NAME | |
| Author name | LYSONS, K |
| 245 ## - TITLE STATEMENT | |
| Title | Procurement and Supply Chain Management |
| 250 ## - EDITION STATEMENT | |
| Edition statement | 9th Ed. |
| 260 ## - PUBLICATION, DISTRIBUTION, ETC. | |
| Place of publication, distribution, etc. | London |
| Name of publisher, distributor, etc. | PEARSON |
| Date of publication, distribution, etc. | 2016. |
| 300 ## - PHYSICAL DESCRIPTION | |
| Extent | xx,671p.: ill.; figures,tables |
| Other physical details | Index |
| Dimensions | 24cm |
| 700 ## - ADDED ENTRY--PERSONAL NAME | |
| Other authors/Editors | Brian Farrington |
| 942 ## - ADDED ENTRY ELEMENTS (KOHA) | |
| Source of classification or shelving scheme | Dewey Decimal Classification |
| Koha item type | Books |
| Date last seen | Total checkouts | Full call number | Barcode | Price effective from | Koha item type | Lost status | Source of classification or shelving scheme | Damaged status | Not for loan | Withdrawn status | Home library | Current library | Shelving location | Date acquired | Source of acquisition |
|---|---|---|---|---|---|---|---|---|---|---|---|---|---|---|---|
| 06/21/2025 | 658.72 LYS | MZA0001621 | 06/21/2025 | Books | Dewey Decimal Classification | CBE Mwanza | CBE Mwanza | General Collection | 06/16/2020 | Library Budget | |||||
| 06/21/2025 | 658.72 LYS | MZA0001622 | 06/21/2025 | Books | Dewey Decimal Classification | CBE Mwanza | CBE Mwanza | General Collection | 06/16/2020 | Library Budget |
